|
|
|
|
| LEADER |
01174cam a2200349Ia 4500 |
| 001 |
CRC0TFE1059PDF |
| 003 |
FlBoTFG |
| 005 |
20090717103237.0 |
| 006 |
a|||||s||||||||||| |
| 007 |
cr|||| |
| 008 |
030417s2004 flua sb 001 0 eng d |
| 020 |
|
|
|a 9780203496565 (e-book : PDF)
|
| 040 |
|
|
|a FlBoTFG
|c FlBoTFG
|d GrThAP
|
| 090 |
|
|
|a RA1148
|b .S48 2004
|
| 092 |
|
|
|a 614.1
|b S342
|
| 100 |
1 |
|
|a Schlesinger, Louis B.
|
| 245 |
1 |
0 |
|a Sexual murder
|h [electronic resource] :
|b catathymic and compulsive homicides /
|c Louis B. Schlesinger.
|
| 260 |
|
|
|a Boca Raton, FL :
|b CRC Press,
|c 2004.
|
| 300 |
|
|
|a xxi, 391 p. :
|b ill.
|
| 504 |
|
|
|a Includes bibliographical references (p. 343-377) and index.
|
| 530 |
|
|
|a Also available in print edition.
|b CRC Press (http://www.crcpress.com)
|
| 538 |
|
|
|a Mode of access: World Wide Web.
|
| 650 |
|
0 |
|a Forensic psychology.
|
| 650 |
|
0 |
|a Sex crimes.
|
| 650 |
|
0 |
|a Murder.
|
| 650 |
|
0 |
|a Homicide.
|
| 650 |
|
0 |
|a Women
|x Crimes against.
|
| 650 |
|
0 |
|a Violence.
|
| 650 |
|
0 |
|a Sex offenders.
|
| 655 |
|
7 |
|a Electronic books.
|2 lcsh
|
| 776 |
1 |
|
|z 9780849311307
|
| 856 |
4 |
0 |
|u http://www.tandfebooks.com/isbn/9780203496565
|z Full Text via HEAL-Link
|